Donovan v Welsh Water plc and Alfred McAlpine Homes Midlands Ltd (Record no. 44177)
[ view plain ]
| 000 -LEADER | |
|---|---|
| fixed length control field | 01273cab a2200205 4500 |
| 001 - CONTROL NUMBER | |
| control field | ABS49167 |
| 008 - FIXED-LENGTH DATA ELEMENTS--GENERAL INFORMATION | |
| fixed length control field | 090401t1993 xxu||||| |||| 00| 0 eng d |
| 035 ## - SYSTEM CONTROL NUMBER | |
| System control number | (Sirsi) u70240 |
| 041 ## - LANGUAGE CODE | |
| Language code of text/sound track or separate title | eng |
| 245 ## - TITLE STATEMENT | |
| Title | Donovan v Welsh Water plc and Alfred McAlpine Homes Midlands Ltd |
| 260 ## - PUBLICATION, DISTRIBUTION, ETC. | |
| Date of publication, distribution, etc. | 1993 |
| 350 ## - PRICE (NR) (BK AM CF MU VM SE) [OBSOLETE] | |
| Price | 0 |
| 490 ## - SERIES STATEMENT | |
| Series statement | Rating & Valuation Reporter |
| Volume/sequential designation | (1993) 33 RVR 126-127(2) |
| 520 ## - SUMMARY, ETC. | |
| Summary, etc. | LT 4 March 1993. The first respondent (W) served a notice under Water Act 1989 s153 stating their intention to lay a sewer or drain across the defendant`s (D) land, along a line depicted on a plan. W employed the second respondent (M) to do the work. During this work M `uncovered` or `disturbed` land belonging to D adjoining the strip depicted on the plan due to an operationally difficulty. The parties could not decide on the liability of W and M in respect of the extra area of disturbed land. W denied responsibility claiming that the extra work was unauthorised. It was held that the LT did have jurisdiction to determine the case and it was held that W was liable to pay the compensation as M was acting as their agent. |
| 650 ## - SUBJECT ADDED ENTRY--TOPICAL TERM | |
| Topical term or geographic name entry element | PIPELINES |
| 650 ## - SUBJECT ADDED ENTRY--TOPICAL TERM | |
| Topical term or geographic name entry element | WATER ACT 1989 S153 |
| 690 ## - LOCAL SUBJECT ADDED ENTRY--TOPICAL TERM (OCLC, RLIN) | |
| Topical term or geographic name as entry element | HIGHWAYS AND RIGHTS OF WAY-CASE LAW |
| 942 ## - ADDED ENTRY ELEMENTS (KOHA) | |
| Suppress in OPAC | 0 |
| 948 ## - LOCAL PROCESSING INFORMATION (OCLC); SERIES PART DESIGNATOR (RLIN) | |
| c (OCLC) | 04/03/1997 |
| Withdrawn status | Lost status | Source of classification or shelving scheme | Damaged status | Not for loan | Home library | Current library | Shelving location | Date acquired | Total Checkouts | Full call number | Barcode | Date last seen | Copy number | Price effective from | Koha item type |
|---|---|---|---|---|---|---|---|---|---|---|---|---|---|---|---|
| Dewey Decimal Classification | London | London | Journal article | 14/09/1999 | ABS49167 | 70240-1001 | 06/08/2019 | 1 | 06/08/2019 | Law report |